000 00626nam a2200205Ia 4500
005 20250508162040.0
008 008 250505s9999 xx 000 0 eng d
020 _a0-15-576624-4
037 _aTextual
040 _aFEDL
_beng
_cFEDL
041 _aeng
_2eng
084 _a372.2, FLE
_qFEDL
100 _aFlemming Bonnie Mack
_9772148
245 0 _aResources for creative teaching in early childhood education
260 _aNew York, USA
_bHarcourt Brace Jovanovich
_c1977
300 _axiv,634p.
700 _a Hamilton Darlene Softley
_9772149
942 _cTEXL
_h372.2, FLE
999 _c1374065
_d1374065